[Event "29. Torneo Collado Villalba 2012"]
[Site "Collado Villalba ESP"]
[Date "2012.08.24"]
[Round "1.1"]
[White "Vazquez Igarza, Renier"]
[Black "Perez De Villar Muñoz , Eusebio"]
[Result "1-0"]
[WhiteElo "2570"]
[BlackElo "2023"]
[PlyCount "55"]
[EventDate "2012.08.24"]
[EventType "swiss"]
[EventRounds "9"]
[EventCountry "ESP"]
[Source "lmi"]
[SourceDate "2012.08.24"]

1. d4 Nf6 2. c4 e6 3. Nc3 d5 4. cxd5 exd5 5. Bg5 Be7 6. e3 h6 7. Bh4 c6 8. Qc2
Nbd7 9. Bd3 O-O 10. Nf3 Re8 11. O-O Nh5 12. Bxe7 Qxe7 13. Rae1 Nhf6 14. e4 dxe4
15. Nxe4 Qf8 16. Nxf6+ Nxf6 17. Bc4 Rd8 18. h3 Nd5 19. a3 Be6 20. Ba2 Qd6 21.
Bb1 Nf6 22. Re3 Qf4 23. Rfe1 Rd7 24. b4 Rad8 25. Qd3 Kf8 26. Re5 Rd5 27. g3
Rxd4 28. Qe2 1-0

[Event "29. Torneo Collado Villalba 2012"]
[Site "Collado Villalba ESP"]
[Date "2012.08.24"]
[Round "1.2"]
[White "Torres Grajales, Ramon"]
[Black "Moreno Ruiz, Javier"]
[Result "0-1"]
[WhiteElo "2017"]
[BlackElo "2498"]
[PlyCount "76"]
[EventDate "2012.08.24"]
[EventType "swiss"]
[EventRounds "9"]
[EventCountry "ESP"]
[Source "lmi"]
[SourceDate "2012.08.24"]

1. e4 c5 2. Nf3 Nc6 3. d4 cxd4 4. Nxd4 g6 5. c4 Bg7 6. Be3 Nf6 7. Nc3 O-O 8.
Be2 d6 9. h3 Bd7 10. Qd2 Nxd4 11. Bxd4 Bc6 12. f3 a5 13. O-O Nd7 14. Rfd1 Nc5
15. Rac1 a4 16. Kh1 Bxd4 17. Qxd4 f6 18. h4 Rf7 19. Nd5 e5 20. Qf2 Qf8 21. Nb4
Rd8 22. Nd3 Ne6 23. Nb4 f5 24. Qe3 Qe7 25. c5 fxe4 26. Nxc6 bxc6 27. cxd6 Qxh4+
28. Kg1 exf3 29. Bxf3 Nd4 30. Bxc6 Rxd6 31. Bxa4 Qh5 32. Re1 Qg4 33. Bd1 Qf5
34. Bb3 Nxb3 35. Qxb3 Qf2+ 36. Kh2 Rd4 37. Re3 Rh4+ 38. Rh3 Qf4+ 0-1

[Event "29. Torneo Collado Villalba 2012"]
[Site "Collado Villalba ESP"]
[Date "2012.08.24"]
[Round "1.3"]
[White "Arribas Lopez, Angel"]
[Black "Erice Alonso, Santiago"]
[Result "1-0"]
[WhiteElo "2467"]
[BlackElo "2011"]
[PlyCount "79"]
[EventDate "2012.08.24"]
[EventType "swiss"]
[EventRounds "9"]
[EventCountry "ESP"]
[Source "lmi"]
[SourceDate "2012.08.24"]

1. e4 c5 2. Ne2 d6 3. Nbc3 Nf6 4. g3 Nc6 5. Bg2 e6 6. d4 cxd4 7. Nxd4 Be7 8.
Nxc6 bxc6 9. e5 Nd5 10. exd6 Qxd6 11. Ne4 Qc7 12. c4 Nf6 13. Bf4 e5 14. Nxf6+
Bxf6 15. Be3 O-O 16. O-O Be6 17. Qa4 Rab8 18. b3 c5 19. Bd5 Rfe8 20. Rac1 Bd7
21. Qa3 Rb4 22. Rfd1 Be7 23. Bd2 Rbb8 24. Ba5 Qc8 25. Bc3 Bg5 26. Qxa7 Be6 27.
Bd2 Be7 28. Bg2 f5 29. Qa3 Qc7 30. Bc3 Bf6 31. Bd5 f4 32. Bxe6+ Rxe6 33. Rd5 f3
34. Qxc5 Qf7 35. Qe3 Qh5 36. Qe4 Rf8 37. h4 g5 38. Qf5 Ra6 39. Rd7 Qh6 40. Bd2
1-0

[Event "29. Torneo Collado Villalba 2012"]
[Site "Collado Villalba ESP"]
[Date "2012.08.24"]
[Round "1.4"]
[White "Garcia Saez, Juan Carlos"]
[Black "Colas Longares, Rafael P"]
[Result "1-0"]
[WhiteElo "2004"]
[BlackElo "2336"]
[PlyCount "81"]
[EventDate "2012.08.24"]
[EventType "swiss"]
[EventRounds "9"]
[EventCountry "ESP"]
[Source "lmi"]
[SourceDate "2012.08.24"]

1. e4 c5 2. Nf3 Nc6 3. c3 Nf6 4. e5 Nd5 5. Bc4 Nb6 6. Na3 Nxc4 7. Nxc4 b5 8.
Ne3 d6 9. d4 e6 10. O-O dxe5 11. dxe5 Qc7 12. Qe2 Rb8 13. Nc2 Be7 14. Re1 h6
15. c4 bxc4 16. Qxc4 Nb4 17. Nxb4 Rxb4 18. Qc3 Bb7 19. b3 O-O 20. Re3 Rd8 21.
Ba3 Rg4 22. Ne1 Rd5 23. Bb2 Bg5 24. Re2 Qc6 25. f3 Rgd4 26. Bc1 Qb5 27. Rf2
Rxe5 28. f4 Re2 29. fxg5 Rd1 30. Bb2 Rexe1+ 31. Qxe1 Rxe1+ 32. Rxe1 hxg5 33.
Rc1 Bd5 34. h3 c4 35. bxc4 Bxc4 36. a3 Bd5 37. Rc7 Qb6 38. Rcxf7 e5 39. Re7 g4
40. hxg4 Be6 41. Bxe5 1-0

[Event "29. Torneo Collado Villalba 2012"]
[Site "Collado Villalba ESP"]
[Date "2012.08.24"]
[Round "1.5"]
[White "Renteria, Jorge"]
[Black "Martinez Alvira, Santiago"]
[Result "1-0"]
[WhiteElo "2307"]
[BlackElo "2000"]
[PlyCount "113"]
[EventDate "2012.08.24"]
[EventType "swiss"]
[EventRounds "9"]
[EventCountry "ESP"]
[Source "lmi"]
[SourceDate "2012.08.24"]

1. e4 g6 2. d4 Bg7 3. c4 c5 4. Nf3 d6 5. Nc3 Nc6 6. dxc5 Bxc3+ 7. bxc3 dxc5 8.
Qxd8+ Kxd8 9. Be3 b6 10. Nd2 Nf6 11. f4 Ng4 12. Bg1 e5 13. h3 Nf6 14. Bh2 Nd7
15. Nf3 f6 16. O-O-O Ke7 17. Be2 Bb7 18. Rxd7+ Kxd7 19. fxe5 fxe5 20. Nxe5+ Ke7
21. Ng4 Kf7 22. Bd6 Ke6 23. e5 h5 24. Rf1 Nd8 25. Ne3 Be4 26. Rf4 Bc6 27. Rf6+
Kd7 28. Rxg6 Nf7 29. Nd5 Bxd5 30. cxd5 Rag8 31. Bb5+ Kc8 32. Ba6+ Kd8 33. Rf6
Rg7 34. Bb8 Rh6 35. Rf2 Ke7 36. Bc4 Nd8 37. e6 Nb7 38. Be5 Rhg6 39. Bxg7 Rxg7
40. Be2 h4 41. Rf4 Nd6 42. Rxh4 Rxg2 43. Rh7+ Kf6 44. Bd3 Rxa2 45. Rd7 Rg2 46.
Rxd6 Rg3 47. Kd2 Rxh3 48. Rd7 Rh8 49. Rf7+ Ke5 50. c4 a5 51. Be2 Ra8 52. e7 Re8
53. Bd1 Kd6 54. Rf6+ Ke5 55. Re6+ Kd4 56. d6 Kxc4 57. d7 1-0

[Event "29. Torneo Collado Villalba 2012"]
[Site "Collado Villalba ESP"]
[Date "2012.08.24"]
[Round "1.6"]
[White "Torres Samper, Rafael"]
[Black "Martin Rueda, Daniel"]
[Result "0-1"]
[WhiteElo "2000"]
[BlackElo "2297"]
[PlyCount "50"]
[EventDate "2012.08.24"]
[EventType "swiss"]
[EventRounds "9"]
[EventCountry "ESP"]
[Source "lmi"]
[SourceDate "2012.08.24"]

1. e4 c5 2. Nf3 e6 3. d4 cxd4 4. Nxd4 Nf6 5. Nc3 d6 6. Bc4 Be7 7. Bb3 Na6 8.
O-O Nc5 9. f4 O-O 10. Qf3 a6 11. Be3 Qc7 12. f5 e5 13. Nde2 Nxb3 14. axb3 b5
15. Nxb5 Qxc2 16. Nec3 Bb7 17. Rfc1 Qxb3 18. Ra3 Qxb2 19. Rb1 Qc2 20. Ra2 Qd3
21. Rd2 Qc4 22. Nxd6 Bxd6 23. Rxb7 Qxc3 24. Rxd6 Qe1+ 25. Qf1 Qxe3+ 0-1

[Event "29. Torneo Collado Villalba 2012"]
[Site "Collado Villalba ESP"]
[Date "2012.08.24"]
[Round "1.7"]
[White "Sanchez Gonzalez, Sergio"]
[Black "Saez Gabikagogeaskoa, Oscar"]
[Result "1-0"]
[WhiteElo "2273"]
[BlackElo "1989"]
[PlyCount "55"]
[EventDate "2012.08.24"]
[EventType "swiss"]
[EventRounds "9"]
[EventCountry "ESP"]
[Source "lmi"]
[SourceDate "2012.08.24"]

1. Nf3 c5 2. c4 Nc6 3. Nc3 Nf6 4. d4 cxd4 5. Nxd4 g6 6. e4 d6 7. Be2 Bg7 8. Be3
O-O 9. O-O h5 10. f3 Nd7 11. Kh1 Nxd4 12. Bxd4 Bxd4 13. Qxd4 Qb6 14. Qd2 Nf6
15. f4 Bg4 16. Bd3 Qc5 17. f5 Kg7 18. h3 Rh8 19. Nd5 Rae8 20. Qc3 g5 21. b4 Qc8
22. Kg1 a5 23. hxg4 axb4 24. Qd4 hxg4 25. g3 Rh3 26. Kg2 Qa8 27. Nc7 Reh8 28.
Nxa8 1-0

[Event "29. Torneo Collado Villalba 2012"]
[Site "Collado Villalba ESP"]
[Date "2012.08.24"]
[Round "1.8"]
[White "Lopez Heras, Arturo"]
[Black "Semprun Martinez, Fernando"]
[Result "0-1"]
[WhiteElo "1971"]
[BlackElo "2204"]
[PlyCount "62"]
[EventDate "2012.08.24"]
[EventType "swiss"]
[EventRounds "9"]
[EventCountry "ESP"]
[Source "lmi"]
[SourceDate "2012.08.24"]

1. e4 c5 2. Nf3 Nc6 3. d4 cxd4 4. Nxd4 Nf6 5. Nc3 d6 6. f4 Qb6 7. Nxc6 bxc6 8.
Qd3 g6 9. a4 Bg7 10. a5 Qc7 11. Be2 O-O 12. O-O Rb8 13. Qc4 Be6 14. Qa4 Nd7 15.
f5 Nc5 16. Qa3 Bd7 17. b4 Bxc3 18. Qxc3 Nxe4 19. Qd4 Bxf5 20. Bh6 e5 21. Qb2
Rfe8 22. Ra3 Be6 23. c4 d5 24. Bd3 f5 25. Bxe4 dxe4 26. Rc1 Red8 27. b5 Qd6 28.
Be3 c5 29. Rb3 f4 30. Bf2 Bxc4 31. Bh4 Qd1+ 0-1

[Event "29. Torneo Collado Villalba 2012"]
[Site "Collado Villalba ESP"]
[Date "2012.08.24"]
[Round "1.9"]
[White "Garcia Vicente, Nieves"]
[Black "Sterling Carmona, Francisco"]
[Result "1-0"]
[WhiteElo "2190"]
[BlackElo "1963"]
[PlyCount "79"]
[EventDate "2012.08.24"]
[EventType "swiss"]
[EventRounds "9"]
[EventCountry "ESP"]
[Source "lmi"]
[SourceDate "2012.08.24"]

1. d4 d5 2. c4 e6 3. Nc3 Nf6 4. Bg5 Be7 5. e3 O-O 6. Nf3 h6 7. Bxf6 Bxf6 8. Qd2
b6 9. O-O-O Ba6 10. cxd5 Bxf1 11. Rhxf1 exd5 12. Ne5 c5 13. Ng4 Nc6 14. Nxf6+
Qxf6 15. dxc5 Rfd8 16. Nxd5 Qe6 17. f3 Rac8 18. e4 bxc5 19. Qf2 c4 20. Kb1 a5
21. Rd2 a4 22. a3 Ne5 23. Rc2 Nd3 24. Qd4 Nf4 25. Rxc4 Rxc4 26. Qxc4 Nxd5 27.
exd5 Qxd5 28. Qxd5 Rxd5 29. Rf2 Kf8 30. Re2 f5 31. Kc2 Kf7 32. Kc3 Kf6 33. Kc4
Rd8 34. b3 axb3 35. Kxb3 Rb8+ 36. Ka2 Ra8 37. Rb2 g5 38. Rb6+ Ke5 39. Rxh6 Rd8
40. Rb6 1-0

[Event "29. Torneo Collado Villalba 2012"]
[Site "Collado Villalba ESP"]
[Date "2012.08.24"]
[Round "1.10"]
[White "Lopez Mulet, Iñigo"]
[Black "Bermejo Arruego, Luis"]
[Result "0-1"]
[WhiteElo "1960"]
[BlackElo "2188"]
[PlyCount "60"]
[EventDate "2012.08.24"]
[EventType "swiss"]
[EventRounds "9"]
[EventCountry "ESP"]
[Source "lmi"]
[SourceDate "2012.08.24"]

1. d4 g6 2. c4 Bg7 3. e4 d6 4. Nc3 Nc6 5. Be3 e5 6. Nge2 exd4 7. Nxd4 Nf6 8. f3
O-O 9. Be2 Re8 10. Qd2 Nh5 11. g4 Nxd4 12. Bxd4 Bxd4 13. Qxd4 Qh4+ 14. Kd2 Nf4
15. Qe3 Qf6 16. g5 Qe5 17. h4 Be6 18. b3 a5 19. h5 a4 20. hxg6 fxg6 21. Rag1
axb3 22. axb3 b5 23. cxb5 Bxb3 24. Rh4 Nd5 25. Nxd5 Ra2+ 26. Ke1 Bxd5 27. Kf2
Bc4 28. Re1 Rea8 29. Kf1 Rxe2 30. Rxe2 Ra2 0-1

[Event "29. Torneo Collado Villalba 2012"]
[Site "Collado Villalba ESP"]
[Date "2012.08.24"]
[Round "1.11"]
[White "Pastor Alonso de Prado, Alberto"]
[Black "Hernandez Yañez, Javier"]
[Result "1-0"]
[WhiteElo "2172"]
[BlackElo "1952"]
[PlyCount "73"]
[EventDate "2012.08.24"]
[EventType "swiss"]
[EventRounds "9"]
[EventCountry "ESP"]
[Source "lmi"]
[SourceDate "2012.08.24"]

1. e4 e6 2. d4 d5 3. Nd2 Nf6 4. Bd3 c5 5. dxc5 dxe4 6. Nxe4 Nxe4 7. Bxe4 Qxd1+
8. Kxd1 Bxc5 9. Ke2 f5 10. Bf3 Nc6 11. Bxc6+ bxc6 12. c4 Bd4 13. Nf3 Bf6 14.
Rb1 e5 15. Be3 e4 16. Nd2 g5 17. Bc5 Be6 18. Rhc1 Kf7 19. b4 Rhd8 20. Nb3 a6
21. Na5 f4 22. Nb7 f3+ 23. Ke3 Rd3+ 24. Kxe4 Rd2 25. gxf3 Kg6 26. Ke3 Rxa2 27.
Rb3 Be5 28. Bd6 Bf4+ 29. Bxf4 gxf4+ 30. Kxf4 Rxf2 31. Ke5 Bc8 32. Rg1+ Kh6 33.
Nc5 a5 34. Rd3 Ba6 35. Rd6+ Kh5 36. Ne4 Rxf3 37. Rg5+ 1-0

[Event "29. Torneo Collado Villalba 2012"]
[Site "Collado Villalba ESP"]
[Date "2012.08.24"]
[Round "1.12"]
[White "Garcia-Ruiz Fuentes, Angel M"]
[Black "Cao Armillas, Jesus"]
[Result "0-1"]
[WhiteElo "1942"]
[BlackElo "2163"]
[PlyCount "135"]
[EventDate "2012.08.24"]
[EventType "swiss"]
[EventRounds "9"]
[EventCountry "ESP"]
[Source "lmi"]
[SourceDate "2012.08.24"]

1. a3 d5 2. Nf3 Nf6 3. c4 c6 4. Qc2 g6 5. g3 Bg7 6. Bg2 O-O 7. O-O Re8 8. d3 e5
9. Nc3 d4 10. Ne4 Nxe4 11. dxe4 a5 12. Ne1 a4 13. Nd3 Be6 14. Nc5 Qa5 15. Nxe6
Rxe6 16. Rb1 Bf8 17. f4 Na6 18. b4 axb3 19. Rxb3 Qc5 20. Qd3 Qa7 21. Qf3 Re7
22. Qg4 d3+ 23. Kh1 Nc5 24. Be3 dxe2 25. Qxe2 Qa5 26. Bd2 Qc7 27. Rbf3 Ne6 28.
Bc3 exf4 29. gxf4 Bg7 30. Bxg7 Nxg7 31. Rb3 Ne6 32. Qf2 Qd6 33. f5 Nc5 34. Rh3
Nd7 35. Qh4 Nf8 36. c5 Qe5 37. Qh6 f6 38. fxg6 Nxg6 39. Rh5 Qd4 40. Rhf5 Rf8
41. h4 Rg7 42. h5 Nh4 43. R5f2 Nxg2 44. Rxg2 Rxg2 45. Kxg2 Qxe4+ 46. Kh3 Qd3+
47. Kg2 Qe2+ 48. Rf2 Qg4+ 49. Kf1 Qd1+ 50. Kg2 Rf7 51. Kh2 Rg7 52. Rg2 Rxg2+
53. Kxg2 Qe2+ 54. Kg3 Qe5+ 55. Kg4 f5+ 56. Kf3 Qd5+ 57. Kg3 Qe5+ 58. Qf4 Qc3+
59. Kh4 Qf6+ 60. Kh3 Qc3+ 61. Kh4 Qe1+ 62. Kg5 Qe7+ 63. Kxf5 Qxc5+ 64. Ke6 Qd5+
65. Ke7 Qc5+ 66. Ke6 Qf8 67. Qg3+ Kh8 68. Qh4 0-1

[Event "29. Torneo Collado Villalba 2012"]
[Site "Collado Villalba ESP"]
[Date "2012.08.24"]
[Round "1.13"]
[White "Gonzalez Mateos, Rafael"]
[Black "Rodriguez De Robles, Ignacio"]
[Result "1-0"]
[WhiteElo "2161"]
[BlackElo "1931"]
[PlyCount "60"]
[EventDate "2012.08.24"]
[EventType "swiss"]
[EventRounds "9"]
[EventCountry "ESP"]
[Source "lmi"]
[SourceDate "2012.08.24"]

1. d4 Nf6 2. c3 g6 3. Bg5 Bg7 4. Nd2 d5 5. Ngf3 h6 6. Bf4 O-O 7. e3 Nh5 8. Be5
f6 9. Bg3 Nxg3 10. hxg3 e5 11. Qb3 exd4 12. cxd4 c6 13. Bd3 Qe8 14. O-O-O b5
15. Qc2 f5 16. Nh4 Na6 17. a3 Be6 18. g4 c5 19. gxf5 gxf5 20. Kb1 Qd7 21. g4 c4
22. Bxf5 Rfc8 23. Bxe6+ Qxe6 24. Nf5 Bf8 25. g5 h5 26. Rxh5 c3 27. bxc3 Bxa3
28. Rdh1 Nb4 29. Rh8+ Kf7 30. R1h7+ Kg6 1-0

[Event "29. Torneo Collado Villalba 2012"]
[Site "Collado Villalba ESP"]
[Date "2012.08.24"]
[Round "1.15"]
[White "Prieto Martin, Alfonso"]
[Black "Velasco Garcia, Jorge Juan"]
[Result "1-0"]
[WhiteElo "2146"]
[BlackElo "1920"]
[PlyCount "89"]
[EventDate "2012.08.24"]
[EventType "swiss"]
[EventRounds "9"]
[EventCountry "ESP"]
[Source "lmi"]
[SourceDate "2012.08.24"]

1. e4 e5 2. Nf3 Nf6 3. d4 Nxe4 4. Bd3 d5 5. dxe5 Nc5 6. Be2 Be7 7. O-O Nc6 8.
Nbd2 O-O 9. Re1 Bg4 10. Nf1 Qd7 11. Ne3 Bxf3 12. Bxf3 Nxe5 13. Nxd5 Nxf3+ 14.
Qxf3 Rfe8 15. Bf4 Bd6 16. Red1 Ne4 17. Rd4 Bxf4 18. Nf6+ Nxf6 19. Rxd7 Nxd7 20.
Qxf4 Re5 21. Qd4 Rae8 22. f4 R5e7 23. Qxa7 Nf6 24. Qxb7 Ng4 25. Rf1 h5 26. h3
Nh6 27. f5 Re5 28. Qxc7 Nxf5 29. Kh2 R5e7 30. Qc5 Re5 31. Rxf5 Rxc5 32. Rxc5 h4
33. a4 Re1 34. Rc3 Rb1 35. b3 f5 36. a5 Kf7 37. Rc4 g5 38. a6 Rd1 39. a7 Rd8
40. b4 Ke6 41. b5 Kd5 42. Rc3 Re8 43. b6 g4 44. hxg4 fxg4 45. b7 1-0

[Event "29. Torneo Collado Villalba 2012"]
[Site "Collado Villalba ESP"]
[Date "2012.08.24"]
[Round "1.16"]
[White "Anula Nieto, Carlos"]
[Black "Unciti Juan, Javier"]
[Result "0-1"]
[WhiteElo "1900"]
[BlackElo "2143"]
[PlyCount "70"]
[EventDate "2012.08.24"]
[EventType "swiss"]
[EventRounds "9"]
[EventCountry "ESP"]
[Source "lmi"]
[SourceDate "2012.08.24"]

1. d4 e6 2. c4 d5 3. Nc3 c5 4. cxd5 exd5 5. Nf3 Nc6 6. e3 Nf6 7. h3 Bf5 8. Bd3
Ne4 9. a3 c4 10. Bc2 Be7 11. O-O Qd7 12. Nxe4 dxe4 13. Nd2 Qd5 14. Qe2 Na5 15.
f3 exf3 16. Nxf3 Bxc2 17. Qxc2 Nb3 18. Rb1 O-O 19. Bd2 f5 20. Bc3 Bd6 21. Rbe1
Rae8 22. Re2 b5 23. Rd1 a5 24. Be1 Rf6 25. Bf2 h6 26. Rde1 Rfe6 27. Kh1 g5 28.
Nh2 Re4 29. Qd1 g4 30. Bg1 Kh8 31. Nf1 gxh3 32. Bh2 Rg4 33. e4 Rgxe4 34. Bxd6
hxg2+ 35. Rxg2 Rxe1 0-1

[Event "29. Torneo Collado Villalba 2012"]
[Site "Collado Villalba ESP"]
[Date "2012.08.24"]
[Round "1.17"]
[White "Martinez De Miguel, Pedro"]
[Black "Martin-Consuegra Barrilero, Francisco Javier"]
[Result "1-0"]
[WhiteElo "2121"]
[BlackElo "1895"]
[PlyCount "57"]
[EventDate "2012.08.24"]
[EventType "swiss"]
[EventRounds "9"]
[EventCountry "ESP"]
[Source "lmi"]
[SourceDate "2012.08.24"]

1. e4 d6 2. d4 Nf6 3. Nc3 e5 4. Nf3 Nbd7 5. Bc4 Be7 6. Bxf7+ Kxf7 7. Ng5+ Kg8
8. Ne6 Qe8 9. Nxc7 Qg6 10. O-O Rb8 11. f4 h6 12. f5 Qg4 13. Qd3 Kh7 14. Rf3 Nb6
15. Rg3 Qh5 16. d5 Nxe4 17. Nxe4 Qxf5 18. Be3 Kg8 19. Rf1 Qh5 20. a4 Bh4 21. a5
Bg4 22. axb6 axb6 23. Rxg4 Qxg4 24. Bxb6 Rf8 25. Rxf8+ Kxf8 26. Nxd6 Bf6 27.
Ne6+ Kg8 28. Ne4 Kf7 29. h3 1-0

[Event "29. Torneo Collado Villalba 2012"]
[Site "Collado Villalba ESP"]
[Date "2012.08.24"]
[Round "1.18"]
[White "Herrero Corada, Jose Ignacio"]
[Black "Pascual Palomo, Lucia"]
[Result "0-1"]
[WhiteElo "1850"]
[BlackElo "2120"]
[PlyCount "42"]
[EventDate "2012.08.24"]
[EventType "swiss"]
[EventRounds "9"]
[EventCountry "ESP"]
[Source "lmi"]
[SourceDate "2012.08.24"]

1. e4 e6 2. d4 d5 3. exd5 exd5 4. Bd3 Bd6 5. Ne2 Nc6 6. c3 Nge7 7. Bf4 Bf5 8.
O-O Qd7 9. Bxd6 Qxd6 10. Na3 O-O-O 11. b4 h5 12. Bxf5+ Nxf5 13. Qa4 Nh4 14. b5
Nb8 15. Qxa7 Qg6 16. Ng3 Nxg2 17. Kxg2 h4 18. c4 hxg3 19. hxg3 Qe4+ 20. f3 Qe2+
21. Kg1 Qh2# 0-1

[Event "29. Torneo Collado Villalba 2012"]
[Site "Collado Villalba ESP"]
[Date "2012.08.24"]
[Round "1.19"]
[White "Estrada Martinez, Cesar"]
[Black "Perez Cameselle, Francisco"]
[Result "1/2-1/2"]
[WhiteElo "2111"]
[BlackElo "1843"]
[PlyCount "65"]
[EventDate "2012.08.24"]
[EventType "swiss"]
[EventRounds "9"]
[EventCountry "ESP"]
[Source "lmi"]
[SourceDate "2012.08.24"]

1. Nf3 Nf6 2. g3 g6 3. Bg2 Bg7 4. c4 d6 5. d4 Nbd7 6. Nc3 e5 7. O-O O-O 8. e3
Re8 9. b3 c6 10. Bb2 e4 11. Nd2 d5 12. Rc1 Nf8 13. b4 Bf5 14. Qb3 h5 15. Rc2
Qd7 16. cxd5 cxd5 17. Rfc1 Rec8 18. Bf1 h4 19. Na4 hxg3 20. hxg3 Rxc2 21. Qxc2
Rc8 22. Qxc8 Qxc8 23. Rxc8 Bxc8 24. b5 Bg4 25. b6 axb6 26. Nxb6 N8d7 27. Na4
Bf8 28. a3 Bd1 29. Nc3 Bc2 30. Bb5 Nb6 31. Kf1 Bd6 32. Ke2 Kf8 33. Ndb1 1/2-1/2

[Event "29. Torneo Collado Villalba 2012"]
[Site "Collado Villalba ESP"]
[Date "2012.08.24"]
[Round "1.20"]
[White "Gonzalez Mateo, Jose Luis"]
[Black "Draghici Flutur, Gavril"]
[Result "0-1"]
[WhiteElo "1781"]
[BlackElo "2099"]
[PlyCount "60"]
[EventDate "2012.08.24"]
[EventType "swiss"]
[EventRounds "9"]
[EventCountry "ESP"]
[Source "lmi"]
[SourceDate "2012.08.24"]

1. d4 Nf6 2. Bg5 Ne4 3. Bh4 c5 4. d5 Qb6 5. Qc1 Qb4+ 6. c3 Nxc3 7. Nxc3 Qxh4 8.
Nf3 Qb4 9. e4 g6 10. a3 Qa5 11. Ne5 Bg7 12. b4 Qc7 13. Nc4 O-O 14. Nb5 Qd8 15.
Ra2 a6 16. Nc3 b5 17. Na5 e6 18. Be2 exd5 19. Nxd5 Nc6 20. Qxc5 Nxa5 21. Nc7
Nb3 22. Qb6 Bc3+ 23. Kd1 Bd4 24. Qd6 Ra7 25. Nd5 Bg7 26. Rc2 Bb7 27. Rc7 Bxd5
28. Rxa7 Qg5 29. f4 Qxg2 30. Rf1 Qxe4 0-1

[Event "29. Torneo Collado Villalba 2012"]
[Site "Collado Villalba ESP"]
[Date "2012.08.24"]
[Round "1.21"]
[White "Ginesta Caballero, Olga Lucia"]
[Black "Martin Carmona, Gaston Manuel"]
[Result "1/2-1/2"]
[WhiteElo "2093"]
[BlackElo "1779"]
[PlyCount "60"]
[EventDate "2012.08.24"]
[EventType "swiss"]
[EventRounds "9"]
[EventCountry "ESP"]
[Source "lmi"]
[SourceDate "2012.08.24"]

1. e4 e6 2. d3 c5 3. f4 Nc6 4. Nf3 g6 5. g3 Bg7 6. Bg2 Nge7 7. O-O O-O 8. Nc3
d6 9. Qe1 e5 10. fxe5 dxe5 11. Bg5 h6 12. Be3 Nd4 13. Qd2 Kh7 14. Ne2 Nec6 15.
Kh1 b6 16. Rad1 Qc7 17. a3 Bg4 18. Neg1 f5 19. c3 Ne6 20. Rde1 f4 21. Bf2 g5
22. h3 fxg3 23. Bxg3 Bh5 24. d4 Nf4 25. d5 Na5 26. Nh2 Nc4 27. Qc2 Bg6 28. Bf3
Nd6 29. c4 a5 30. a4 h5 1/2-1/2

[Event "29. Torneo Collado Villalba 2012"]
[Site "Collado Villalba ESP"]
[Date "2012.08.24"]
[Round "1.22"]
[White "Gutierrez Mordini, Pablo"]
[Black "Suarez Triguero, Jose Alfonso"]
[Result "0-1"]
[WhiteElo "1690"]
[BlackElo "2080"]
[PlyCount "80"]
[EventDate "2012.08.24"]
[EventType "swiss"]
[EventRounds "9"]
[EventCountry "ESP"]
[Source "lmi"]
[SourceDate "2012.08.24"]

1. d4 Nf6 2. c4 d6 3. Nc3 e5 4. dxe5 dxe5 5. Qxd8+ Kxd8 6. Bg5 Nbd7 7. O-O-O c6
8. Nf3 Kc7 9. e4 Bb4 10. Nd2 Bxc3 11. bxc3 Nc5 12. f3 a5 13. Be3 Ne6 14. a4 Nd7
15. Nb3 Nb6 16. Bxb6+ Kxb6 17. g3 Nc5 18. Nxc5 Kxc5 19. Rd2 Be6 20. Be2 Rhd8
21. Rhd1 Rxd2 22. Rxd2 b6 23. f4 exf4 24. gxf4 Bxc4 25. Bxc4 Kxc4 26. Rd7 Re8
27. e5 f6 28. Kd2 fxe5 29. Rxg7 exf4 30. Rf7 Re4 31. Rxh7 f3 32. Rh6 Re2+ 33.
Kd1 Kd5 34. Rf6 Rxh2 35. Rxf3 Rh4 36. Kc2 Rxa4 37. Kb3 Re4 38. Rf5+ Re5 39. Rf8
Kc5 40. Ra8 Re3 0-1

[Event "29. Torneo Collado Villalba 2012"]
[Site "Collado Villalba ESP"]
[Date "2012.08.24"]
[Round "1.23"]
[White "Martin Martin, Luis Vicente"]
[Black "Perez Ortego, Alberto"]
[Result "1-0"]
[WhiteElo "2069"]
[BlackElo "1576"]
[PlyCount "119"]
[EventDate "2012.08.24"]
[EventType "swiss"]
[EventRounds "9"]
[EventCountry "ESP"]
[Source "lmi"]
[SourceDate "2012.08.24"]

1. Nf3 Nf6 2. d4 d5 3. Bf4 e6 4. e3 Bd6 5. Bg3 Bxg3 6. hxg3 Bd7 7. Nbd2 Nc6 8.
c3 Qe7 9. Bb5 a6 10. Ba4 Na5 11. Bc2 Nc6 12. Ne5 Na7 13. g4 Ne4 14. Nxe4 dxe4
15. Bxe4 O-O-O 16. Qf3 Bc6 17. Nxc6 bxc6 18. Bxc6 Nxc6 19. Qxc6 Qd6 20. Qe4 Qd5
21. Qxd5 exd5 22. O-O-O f6 23. Rh5 h6 24. Rdh1 Rhe8 25. Kd2 Rd6 26. Rc1 c6 27.
c4 dxc4 28. Rc5 Kd7 29. R1xc4 Rb8 30. Kc2 Rb5 31. Rc3 Rxc5 32. Rxc5 Kc7 33. Kd3
Kb6 34. e4 a5 35. f4 g6 36. f5 g5 37. Rc1 Rd8 38. Kc4 Re8 39. Re1 a4 40. e5
fxe5 41. dxe5 Kc7 42. e6 Kd6 43. Rd1+ Ke5 44. g3 h5 45. Re1+ Kf6 46. gxh5 Kxf5
47. e7 Kg4 48. h6 Kxg3 49. h7 Kf2 50. h8=Q Rxh8 51. e8=Q Rxe8 52. Rxe8 g4 53.
Kc5 g3 54. Kxc6 g2 55. Rf8+ Kg1 56. b4 axb3 57. axb3 Kh1 58. b4 g1=Q 59. Rh8+
Kg2 60. Rg8+ 1-0

[Event "29. Torneo Collado Villalba 2012"]
[Site "Collado Villalba ESP"]
[Date "2012.08.24"]
[Round "1.24"]
[White "Garcia-Sanchez Navarro, Mariano"]
[Black "Rasskin Friederichs, Ivan"]
[Result "0-1"]
[WhiteElo "1502"]
[BlackElo "2027"]
[PlyCount "36"]
[EventDate "2012.08.24"]
[EventType "swiss"]
[EventRounds "9"]
[EventCountry "ESP"]
[Source "lmi"]
[SourceDate "2012.08.24"]

1. c4 e5 2. Nc3 Nc6 3. e4 g6 4. d3 Bg7 5. g3 d6 6. Bg2 f5 7. f4 exf4 8. Bxf4
Nf6 9. Rb1 O-O 10. Bg5 h6 11. Bxf6 Qxf6 12. Nge2 fxe4 13. Rf1 Qd8 14. Rxf8+
Qxf8 15. Bxe4 Bg4 16. Qd2 Re8 17. Bxg6 Bxc3 18. Qxc3 Rxe2+ 0-1

[Event "29. Torneo Collado Villalba 2012"]
[Site "Collado Villalba ESP"]
[Date "2012.08.25"]
[Round "2.1"]
[White "Cao Armillas, Jesus"]
[Black "Vazquez Igarza, Renier"]
[Result "0-1"]
[WhiteElo "2163"]
[BlackElo "2570"]
[PlyCount "94"]
[EventDate "2012.08.24"]
[EventType "swiss"]
[EventRounds "9"]
[EventCountry "ESP"]
[Source "lmi"]
[SourceDate "2012.08.24"]

1. d4 Nf6 2. c4 e6 3. Nc3 Bb4 4. e3 O-O 5. Bd3 d5 6. Nf3 c5 7. O-O b6 8. cxd5
exd5 9. a3 Bxc3 10. bxc3 Ba6 11. Bxa6 Nxa6 12. a4 Ne4 13. Ne5 f6 14. Nf3 Re8
15. Qd3 Nc7 16. Nh4 Qd7 17. f3 Nd6 18. g3 Re7 19. a5 Rae8 20. axb6 axb6 21. Ng2
Nc4 22. Re1 Qc6 23. Kf2 Ne6 24. Rd1 cxd4 25. cxd4 b5 26. Qb3 Ra8 27. Bb2 Rea7
28. Rxa7 Rxa7 29. Rc1 Ra4 30. Ne1 Qa6 31. Nd3 h6 32. Rc2 Qa5 33. Bc1 Kf7 34.
Re2 g5 35. Qc2 Kg7 36. g4 Ra1 37. Bd2 Qa4 38. Bb4 Rf1+ 39. Kg3 Rg1+ 40. Kh3
Qxc2 41. Rxc2 Rb1 42. Bc3 Nxe3 43. Re2 Nf4+ 44. Nxf4 gxf4 45. Ba5 Rf1 46. Bc7
Rxf3+ 47. Kh4 Kg6 0-1